Štúdium procesov plnenia a hydrofobizácia usňových materiálov : (14.1.1988 /
Gespeichert in:
| 1. Verfasser: | |
|---|---|
| Format: | Manuskript Buch |
| Veröffentlicht: |
Bratislava :
SVŠT v Bratislave ChtF,
1987
|
| Tags: |
Keine Tags, Fügen Sie das erste Tag hinzu!
|
MARC
| LEADER | 00000ntm a22000003a 4500 | ||
|---|---|---|---|
| 001 | stu20617 | ||
| 005 | 20150617225749.6 | ||
| 008 | ------s1987----cs----------------------d | ||
| 040 | |a STU |b slo | ||
| 041 | 0 | ||
| 044 | |a cs | ||
| 080 | |a 675.06/043.3/ | ||
| 100 | 1 | |a Luu, Huu Thuc |4 aut | |
| 245 | 1 | |a Štúdium procesov plnenia a hydrofobizácia usňových materiálov : |b (14.1.1988 / |c [aut.]Luu,Huu Thuc | |
| 260 | |a Bratislava : |b SVŠT v Bratislave ChtF, |c 1987 | ||
| 300 | |a 94 s : |b Tab.,grafy,lit | ||
| 996 | |b CKD53 |c C*KD53 |l CCI |s A |a 24 |w stu20617_0001 | ||